=LDR 00000nam 2200000 4500 =001 INLIS000000000023217 =005 20130612121908 =008 ***********************************Ind** =035 ##$$0010-061300000023217 =041 ##$$a Ind =082 ##$$a 621.57 =090 ##$$a 621.57, Ped-p =100 ##$$a Prasetyono, Dwi Sunar =245 ##$$a Pedoman lengkapteknik memperbaiki kulkas =260 ##$$a 2003 $b Yogyakarta =300 ##$$a viii, 156 hlm., ilus, 20 cm =650 ##$$a Teknik revarasi =850 ##$$a NBPNMAT